Software security : (Record no. 8061)
[ view plain ]
| 000 -LEADER | |
|---|---|
| fixed length control field | 00962nac a22002655a 4500 |
| 008 - FIXED-LENGTH DATA ELEMENTS--GENERAL INFORMATION | |
| fixed length control field | 150816t2006 ny a f b 001 0 eng d |
| 010 ## - LIBRARY OF CONGRESS CONTROL NUMBER | |
| LC control number | 2005031598 |
| 020 ## - INTERNATIONAL STANDARD BOOK NUMBER | |
| International Standard Book Number | 0321356705 |
| Cancelled/invalid ISBN | 9780321356703 |
| 035 ## - SYSTEM CONTROL NUMBER | |
| System control number | (OCoLC)ocm62281747 |
| 040 ## - CATALOGING SOURCE | |
| Original cataloging agency | EG-ScBUE |
| Language of cataloging | eng |
| Transcribing agency | EG-ScBUE |
| 082 04 - DEWEY DECIMAL CLASSIFICATION NUMBER | |
| Classification number | 005.8 |
| Item number | MCG |
| Edition number | 22 |
| 100 1# - MAIN ENTRY--PERSONAL NAME | |
| Personal name | McGraw, Gary. |
| 245 10 - TITLE STATEMENT | |
| Title | Software security : |
| Remainder of title | building security in / |
| Statement of responsibility, etc | Gary McGraw. |
| 260 ## - PUBLICATION, DISTRIBUTION, ETC. (IMPRINT) | |
| Place of publication, distribution, etc | Upper Saddle River, NJ : |
| Name of publisher, distributor, etc | Pearson Education, |
| Date of publication, distribution, etc | c.2006. |
| 300 ## - PHYSICAL DESCRIPTION | |
| Extent | xxxvi, 408 p. : |
| Other physical details | ill. ; |
| Dimensions | 24 cm + |
| Accompanying material | 1 CD-ROM (4 3/4 in.). |
| 490 0# - Series Statement | |
| Series statement | Addison-Wesley software security series |
| 500 ## - GENERAL NOTE | |
| General note | Index : p. 395-408. |
| 504 ## - BIBLIOGRAPHY, ETC. NOTE | |
| Bibliography, etc | Includes bibliographical references. |
| 590 ## - LOCAL NOTE (RLIN) | |
| Local note | Catalogued by : Mostafa El-Helaly |
| 650 #0 - SUBJECT ADDED ENTRY--TOPICAL TERM | |
| Topical term or geographic name as entry element | Computer security. |
| Source of heading or term | BUEsh |
| 651 ## - SUBJECT ADDED ENTRY--GEOGRAPHIC NAME | |
| Source of heading or term | BUEsh |
| 653 ## - INDEX TERM--UNCONTROLLED | |
| Arrived date list | August2015 |
| 856 41 - ELECTRONIC LOCATION AND ACCESS | |
| Materials specified | Table of contents only |
| Uniform Resource Identifier | <a href="http://www.loc.gov/catdir/toc/ecip062/2005031598.html">http://www.loc.gov/catdir/toc/ecip062/2005031598.html</a> |
| 942 ## - ADDED ENTRY ELEMENTS (KOHA) | |
| Item type | Book - Borrowing |
| Call number prefix | 005.8M4599 |
| Source of classification or shelving scheme | Dewey Decimal Classification |
| Withdrawn status | Item status | Damaged status | Not for loan | Home library | Current library | Shelving location | Date acquired | Source of acquisition | Cost, normal purchase price | Total Checkouts | Total Renewals | Full call number | Barcode | Date last seen | Date last borrowed | Cost, replacement price | Koha item type | Source of classification or shelving scheme | Vendor |
|---|---|---|---|---|---|---|---|---|---|---|---|---|---|---|---|---|---|---|---|
| Central Library | Central Library | Lower Floor | 07/03/2006 | Purchase | 832.00 | 1 | 2 | 005.8 MCG | 000001315 | 15/07/2025 | 16/03/2014 | 1040.00 | Book - Borrowing | ||||||
| Central Library | Central Library | Lower Floor | 07/11/2006 | Purchase | 832.00 | 005.8 MCG | 000007446 | 24/08/2022 | 1040.00 | CD | DVD - With book | Dewey Decimal Classification | ||||||||
| Central Library | Central Library | Lower Floor | 20/02/2008 | Purchase | 832.00 | 2 | 22 | 005.8 MCG | 000009405 | 15/07/2025 | 18/10/2016 | 1040.00 | Book - Borrowing | Dewey Decimal Classification | |||||
| Central Library | Central Library | Lower Floor | 20/02/2008 | 832.00 | 2 | 9 | 005.8 MCG | 000010036 | 24/08/2022 | 06/04/2016 | 1040.00 | CD | DVD - With book | Dewey Decimal Classification |